| 000 | 01184nam a2200229 a 4500 | ||
|---|---|---|---|
| 001 | 000182179 | ||
| 003 | AM-YeHGA | ||
| 005 | 20250617123636.0 | ||
| 008 | 960704s1989 ua |||||r|||||||||0|rus|d | ||
| 020 |
_a577020009X _c01.00 |
||
| 040 | _aAM-YeHGA | ||
| 041 | 0 | _arus | |
| 245 | 1 | 0 |
_aСредства вычислительной техники новых поколений : _bСборник научных трудов / _cАН УССР, Ин-т кибернетики им. В.М. Глушкова, Науч. совет АН УССР по пробл. "Кибернетика" ; [Редкол.: А.В. Палагин (отв. ред.) и др.]. |
| 260 |
_aКиев : _bИн-та кибернетики АН УССР, _c1989. |
||
| 300 |
_a86 с. _bил. ; _c20 см. |
||
| 500 | _aБиблиогр. в конце ст. | ||
| 650 | 1 | 4 | _aВычислительные машины электронные персональные - Сборники |
| 700 | 1 |
_aПалагин, Александр Васильевич _4edt _eред. |
|
| 710 | 2 | _aИн-т кибернетики им. В.М. Глушкова АН Украинской ССР | |
| 942 |
_2udc _cBK |
||
| 090 | _c63920 | ||
| 999 |
_c62833 _d62833 |
||